[Event "Tbilisi Municipality Cup"]
[Site "?"]
[Date "2009.06.20"]
[Round "6.1"]
[White "Gagunashvili Merab"]
[Black "Jobava Baadur"]
[Result "1/2-1/2"]
[WhiteElo "2591"]
[BlackElo "2687"]
[PlyCount "88"]
[EventDate "2009.??.??"]
[SourceDate "2009.06.20"]

1. d4 Nf6 2. Nf3 e6 3. c4 b6 4. g3 Bb7 5. Bg2 Be7 6. O-O O-O 7. Nc3 Ne4 8. Nxe4
Bxe4 9. Ne1 Bxg2 10. Nxg2 d5 11. cxd5 Qxd5 12. Bf4 Bf6 13. Bxc7 Na6 14. Bf4
Bxd4 15. Qb3 Qxb3 16. axb3 Nc5 17. b4 Ne4 18. Ra2 a5 19. Be3 Bxe3 20. Nxe3 axb4
21. Rfa1 Rxa2 22. Rxa2 Nc5 23. Nc4 b5 24. Ra5 Rb8 25. Ne5 Nb3 26. Ra7 Rc8 27.
Rb7 f6 28. Nd3 Nc1 29. Rxb5 Nxe2+ 30. Kf1 Nd4 31. Rxb4 Rd8 32. Nc5 e5 33. Rb7
Ra8 34. Kg2 f5 35. Re7 e4 36. Ne6 Nxe6 37. Rxe6 Kf7 38. Rb6 Rc8 39. Rb7+ Kf6
40. Rb6+ Kg5 41. h4+ Kh5 42. Rb7 Kg6 43. Rb6+ Kh5 44. Rb7 Kg6 1/2-1/2

[Event "Tbilisi Municipality Cup"]
[Site "?"]
[Date "2009.06.20"]
[Round "6.2"]
[White "Pashikian Arman"]
[Black "Mchedlishvili Mikheil"]
[Result "1/2-1/2"]
[WhiteElo "2655"]
[BlackElo "2586"]
[PlyCount "36"]
[EventDate "2009.??.??"]
[SourceDate "2009.06.20"]

1. d4 d5 2. c4 c6 3. Nc3 Nf6 4. e3 a6 5. Nf3 Bf5 6. Qb3 Ra7 7. cxd5 cxd5 8. Ne5
e6 9. f3 h6 10. e4 dxe4 11. Be3 Nd5 12. Nxd5 exd5 13. Be2 Be7 14. fxe4 Bxe4 15.
Qa4+ Nc6 16. Nxc6 bxc6 17. Qxc6+ Qd7 18. Rc1 O-O 1/2-1/2

[Event "Tbilisi Municipality Cup"]
[Site "?"]
[Date "2009.06.20"]
[Round "6.3"]
[White "Shanava Konstantine"]
[Black "Kobalia Mikhail"]
[Result "1/2-1/2"]
[WhiteElo "2506"]
[BlackElo "2645"]
[PlyCount "102"]
[EventDate "2009.??.??"]
[SourceDate "2009.06.20"]

1. e4 e5 2. Nf3 Nc6 3. Bc4 Bc5 4. c3 Nf6 5. d3 a6 6. Bb3 Ba7 7. Nbd2 O-O 8. O-O
d5 9. h3 dxe4 10. dxe4 Qe7 11. Nh2 Be6 12. Bc2 Rad8 13. Qf3 Nd7 14. Re1 f6 15.
Ndf1 Qf7 16. b3 b5 17. Be3 Bxe3 18. Nxe3 a5 19. Nd5 Nb6 20. Nxb6 cxb6 21. Qe3
Qb7 22. Rad1 b4 23. Nf3 bxc3 24. Qxc3 Rc8 25. Bb1 Nb4 26. Qb2 Qe7 27. Rc1 Rfd8
28. Qe2 Rc5 29. Rxc5 Qxc5 30. Rd1 Rxd1+ 31. Qxd1 Kf7 32. Qd2 g5 33. Ne1 Ke7 34.
Nc2 Nxc2 35. Bxc2 Qd4 36. Qe1 Qb2 37. Bb1 h5 38. Qd1 h4 39. Qd3 Qd4 40. Qc2 Bd7
41. Kh2 Kd6 42. Qe2 Qc3 43. Bd3 Bc6 44. Bc4 Kc5 45. Bf7 Kb4 46. a4 b5 47. axb5
Bxb5 48. Qd1 Qd3 49. Qe1+ Qc3 50. Qd1 Qd3 51. Qe1+ Qc3 1/2-1/2

[Event "Tbilisi Municipality Cup"]
[Site "?"]
[Date "2009.06.20"]
[Round "6.4"]
[White "Pantsulaia Levan"]
[Black "Margvelashvili Giorgi"]
[Result "1-0"]
[WhiteElo "2581"]
[BlackElo "2491"]
[PlyCount "57"]
[EventDate "2009.??.??"]
[SourceDate "2009.06.20"]

1. d4 e6 2. Nf3 d5 3. c4 Nf6 4. Nc3 dxc4 5. e4 Bb4 6. Bg5 c5 7. Bxc4 cxd4 8.
Nxd4 Qa5 9. Bd2 Qc5 10. Bb5+ Bd7 11. Nb3 Qe7 12. Bd3 Nc6 13. O-O O-O 14. a3
Bxc3 15. Bxc3 e5 16. Qe2 Rac8 17. Na5 Nxa5 18. Bxa5 Rfe8 19. Rac1 h6 20. Qe3 b6
21. Bb4 Qe6 22. Ba6 Rxc1 23. Rxc1 Bc8 24. Bc4 Qd7 25. f3 Bb7 26. Bb3 Rd8 27.
Rd1 Qe8 28. Rd6 Nh7 29. Ba4 1-0

[Event "Tbilisi Municipality Cup"]
[Site "?"]
[Date "2009.06.20"]
[Round "6.6"]
[White "Kotanjian Tigran"]
[Black "Javakhishvili Lela"]
[Result "0-1"]
[WhiteElo "2552"]
[BlackElo "2463"]
[PlyCount "120"]
[EventDate "2009.??.??"]
[SourceDate "2009.06.20"]

1. d4 Nf6 2. c4 e6 3. Nc3 Bb4 4. Qc2 O-O 5. a3 Bxc3+ 6. Qxc3 b6 7. Bg5 Bb7 8.
e3 d6 9. Ne2 Nbd7 10. Qc2 h6 11. Bh4 c5 12. Rd1 Qe7 13. Nc3 cxd4 14. Rxd4 Ne5
15. f3 Rfd8 16. Be2 Rac8 17. O-O Nc6 18. Rd2 Na5 19. Qa4 g5 20. Bg3 d5 21. cxd5
Nxd5 22. Nxd5 Rxd5 23. Rfd1 Qc5 24. Kf2 Nc4 25. Bxc4 Qxc4 26. Qxc4 Rxc4 27. e4
Rxd2+ 28. Rxd2 Rc8 29. Be5 Bc6 30. Ke3 Kh7 31. Rd6 Kg6 32. g3 Ba4 33. f4 gxf4+
34. gxf4 Kh5 35. Rd4 Bc6 36. Rd2 f5 37. exf5 exf5 38. Rd6 Be4 39. Rd7 a6 40.
Bc7 b5 41. Kd4 Rg8 42. Kc5 Rg2 43. Be5 Rxh2 44. Kb6 Kg4 45. Kxa6 h5 46. Rg7+
Kf3 47. Kxb5 h4 48. Rh7 h3 49. a4 Rh1 50. a5 Kg3 51. Rg7+ Kh2 52. Bd4 Rd1 53.
Kc5 Rc1+ 54. Kb6 Rc6+ 55. Kb5 Rc2 56. a6 Rd2 57. Be5 Rg2 58. Rh7 Rg6 59. b4 Rg2
60. Kb6 Kg3 0-1

[Event "Tbilisi Municipality Cup"]
[Site "?"]
[Date "2009.06.20"]
[Round "6.7"]
[White "Shalamberidze Akaki"]
[Black "Neverov Valeriy"]
[Result "1/2-1/2"]
[WhiteElo "2381"]
[BlackElo "2552"]
[PlyCount "68"]
[EventDate "2009.??.??"]
[SourceDate "2009.06.20"]

1. c4 f5 2. g3 e5 3. Bg2 Nf6 4. Nc3 Nc6 5. Nf3 g6 6. d4 e4 7. Ng5 h6 8. Nh3 g5
9. f3 exf3 10. exf3 Bg7 11. d5 Ne7 12. f4 g4 13. Nf2 d6 14. O-O O-O 15. Re1 Bd7
16. b4 a5 17. b5 Nc8 18. Qd3 Re8 19. Be3 Qe7 20. Bd2 Qf8 21. Rxe8 Nxe8 22. Re1
Nb6 23. Ne2 Na4 24. Qc2 Nc5 25. Bc3 Bxc3 26. Qxc3 Qf6 27. Nd4 Ng7 28. Bf1 Kf7
29. Re3 Re8 30. Rxe8 Nxe8 31. Qe3 b6 32. Bd3 Ng7 33. Bc2 h5 34. h4 Qe7 1/2-1/2

[Event "Tbilisi Municipality Cup"]
[Site "?"]
[Date "2009.06.20"]
[Round "6.8"]
[White "Shengelia David"]
[Black "Benidze Davit"]
[Result "0-1"]
[WhiteElo "2549"]
[BlackElo "2442"]
[PlyCount "144"]
[EventDate "2009.??.??"]
[SourceDate "2009.06.20"]

1. d4 Nf6 2. c4 e6 3. Nf3 d5 4. Nc3 Be7 5. e3 O-O 6. a3 b6 7. Bd3 dxc4 8. Bxc4
c5 9. dxc5 Qxd1+ 10. Kxd1 Bxc5 11. b4 Be7 12. Bb2 a6 13. Ke2 Nbd7 14. Rhd1 Bb7
15. Bb3 b5 16. Nd4 Nb6 17. f3 Rfd8 18. e4 Nfd7 19. f4 Nf6 20. e5 Nfd5 21. Nxd5
Bxd5 22. Bxd5 Rxd5 23. Nc6 Bf8 24. Bd4 Nc4 25. a4 Rc8 26. axb5 axb5 27. Ra6 g6
28. g3 Rd7 29. Bf2 Rdc7 30. Na7 Rb8 31. Nc6 Rbc8 32. Na7 Rb8 33. h4 Kg7 34. Nc6
Rbc8 35. Na7 Rb8 36. g4 Ra8 37. Nxb5 Rxa6 38. Nxc7 Ra2+ 39. Kf3 Nd2+ 40. Rxd2
Rxd2 41. b5 Rb2 42. Bd4 Rb3+ 43. Ke4 Bb4 44. f5 gxf5+ 45. gxf5 Ba5 46. Ne8+ Kf8
47. Nd6 Bc7 48. Bc5 Bxd6 49. exd6 Ke8 50. fxe6 fxe6 51. b6 Kd7 52. Bd4 Kxd6 53.
Be5+ Kd7 54. Bd4 Rb5 55. Kf4 Kc6 56. Be3 Kd5 57. h5 Rb3 58. Bf2 h6 59. Be3 e5+
60. Kf3 e4+ 61. Kf2 Kc4 62. Bxh6 Rxb6 63. Bf4 Kd3 64. Kg3 e3 65. Bxe3 Kxe3 66.
Kg4 Ke4 67. Kg5 Rb8 68. Kg6 Kf4 69. h6 Rb6+ 70. Kg7 Kg5 71. h7 Rb7+ 72. Kg8 Kg6
0-1

[Event "Tbilisi Municipality Cup"]
[Site "?"]
[Date "2009.06.20"]
[Round "6.9"]
[White "Javakhadze Zurab"]
[Black "Arutinian David"]
[Result "0-1"]
[WhiteElo "2288"]
[BlackElo "2548"]
[PlyCount "146"]
[EventDate "2009.??.??"]
[SourceDate "2009.06.20"]

1. Nf3 g6 2. d4 Bg7 3. e4 d6 4. Nc3 c6 5. a4 Nf6 6. Be2 O-O 7. h3 Nbd7 8. O-O
e5 9. Be3 Qe7 10. dxe5 dxe5 11. Nd2 Nc5 12. a5 Rd8 13. Qb1 Ne6 14. Rd1 Nd4 15.
Bf1 Nh5 16. Na4 f5 17. exf5 Bxf5 18. Qa2+ Kh8 19. c3 b5 20. Nc5 Nc2 21. b4 Nxa1
22. Rxa1 Nf6 23. Nf3 Nd5 24. Bg5 Bf6 25. Bxf6+ Qxf6 26. Qb2 e4 27. Nd4 Nxc3 28.
Nxc6 Ne2+ 29. Qxe2 Qxa1 30. Nxd8 Rxd8 31. g4 Bc8 32. Qxe4 Rf8 33. Qe3 a6 34.
Kg2 Qf6 35. Be2 Qf4 36. Qc3+ Qf6 37. Qe3 h5 38. Bf3 Kg7 39. Qe2 Qf4 40. Nd3 Qg5
41. Qe4 Rf7 42. Qd4+ Qf6 43. Ne5 Re7 44. Qc5 Be6 45. Nc6 Rf7 46. Ne5 Rf8 47.
Be4 hxg4 48. hxg4 Qg5 49. Bxg6 Bxg4 50. Qc7+ Kf6 51. f4 Bh3+ 52. Kxh3 Rh8+ 53.
Bh7 Qh5+ 54. Kg3 Rxh7 55. Qd6+ Kf5 56. Qf8+ Ke4 57. Qa8+ Ke3 58. Ng4+ Kd4 59.
Qd8+ Kc3 60. Qf6+ Kb3 61. Qe6+ Ka3 62. Kf3 Qh3+ 63. Ke4 Rg7 64. Qe5 Rxg4 65.
Qa1+ Kxb4 66. Qd4+ Kxa5 67. Qd8+ Ka4 68. Qd1+ Kb4 69. Qd4+ Kb3 70. Qd1+ Kc3 71.
Qe1+ Kb2 72. Qd2+ Ka3 73. Qc1+ Kb4 0-1

[Event "Tbilisi Municipality Cup"]
[Site "?"]
[Date "2009.06.20"]
[Round "6.10"]
[White "Jojua Davit"]
[Black "Melia Salome"]
[Result "1/2-1/2"]
[WhiteElo "2520"]
[BlackElo "2440"]
[PlyCount "41"]
[EventDate "2009.??.??"]
[SourceDate "2009.06.20"]

1. d4 d5 2. c4 e6 3. Nf3 Nf6 4. Nc3 Be7 5. Bf4 c5 6. dxc5 Bxc5 7. e3 Nc6 8. a3
O-O 9. Qc2 Qa5 10. Nd2 Be7 11. Bg3 Qb6 12. Be2 d4 13. Na4 Qd8 14. e4 e5 15. b4
Bd6 16. O-O Ne7 17. Nb2 Ng6 18. c5 Bc7 19. Rac1 Bd7 20. Rfe1 Rc8 21. Nb3
1/2-1/2

[Event "Tbilisi Municipality Cup"]
[Site "?"]
[Date "2009.06.20"]
[Round "6.11"]
[White "Harutjunyan Gevorg"]
[Black "Paichadze Luka"]
[Result "1/2-1/2"]
[WhiteElo "2504"]
[BlackElo "2410"]
[PlyCount "71"]
[EventDate "2009.??.??"]
[SourceDate "2009.06.20"]

1. e4 c6 2. d4 d5 3. Nd2 dxe4 4. Nxe4 Bf5 5. Ng3 Bg6 6. h4 h6 7. Nf3 Nd7 8. h5
Bh7 9. Bd3 Bxd3 10. Qxd3 e6 11. Bf4 Qa5+ 12. Bd2 Qc7 13. Qe2 Ngf6 14. O-O-O
O-O-O 15. Ne5 Nb6 16. c4 Rxd4 17. Be3 Rxd1+ 18. Rxd1 Rg8 19. f4 Kb8 20. Bxb6
axb6 21. Ne4 Bc5 22. Nxc5 bxc5 23. Qe3 Rd8 24. Rxd8+ Qxd8 25. Qxc5 Ne4 26.
Nxc6+ bxc6 27. Qe5+ Kb7 28. Qxe4 Qa5 29. a3 Qxh5 30. b4 f5 31. Qd4 Qh1+ 32. Kb2
Qxg2+ 33. Kb3 g5 34. Qd7+ Kb8 35. Qd8+ Kb7 36. Qd7+ 1/2-1/2

[Event "Tbilisi Municipality Cup"]
[Site "?"]
[Date "2009.06.20"]
[Round "6.12"]
[White "Gamzardia Giorgi"]
[Black "Petrosian Davit G"]
[Result "0-1"]
[WhiteElo "2139"]
[BlackElo "2490"]
[PlyCount "94"]
[EventDate "2009.??.??"]
[SourceDate "2009.06.20"]

1. Nf3 Nf6 2. g3 g6 3. Bg2 Bg7 4. d4 O-O 5. O-O d6 6. c4 c5 7. Nc3 Nc6 8. dxc5
dxc5 9. Qxd8 Rxd8 10. Be3 Be6 11. Bxc5 Bxc4 12. Rfd1 Nd7 13. Ba3 Bxc3 14. bxc3
Bxe2 15. Rdb1 Nb6 16. Nd4 Nxd4 17. cxd4 e6 18. Bc5 Ba6 19. Bxb6 axb6 20. Rxb6
Rxd4 21. Bxb7 Bxb7 22. Rxb7 Ra3 23. Rb3 Rda4 24. Rxa3 Rxa3 25. Kf1 g5 26. h3
Kg7 27. Kg2 h5 28. Kh2 Kg6 29. Kg2 Kf5 30. Kh2 f6 31. Kg1 e5 32. Kg2 e4 33. Kg1
h4 34. gxh4 gxh4 35. Kh2 Kf4 36. Kg2 f5 37. Rb1 Rxa2 38. Rb3 Rd2 39. Ra3 Ke5
40. Ra8 f4 41. Re8+ Kd4 42. Rd8+ Kc3 43. Rf8 f3+ 44. Kg1 Rd1+ 45. Kh2 Kd2 46.
Rf7 e3 47. fxe3 Ke2 0-1

[Event "Tbilisi Municipality Cup"]
[Site "?"]
[Date "2009.06.20"]
[Round "6.13"]
[White "Mgeladze Tamaz"]
[Black "Dzagnidze Nana"]
[Result "0-1"]
[WhiteElo "2303"]
[BlackElo "2541"]
[PlyCount "84"]
[EventDate "2009.??.??"]
[SourceDate "2009.06.20"]

1. c4 c5 2. g3 Nc6 3. Bg2 g6 4. Nc3 Bg7 5. Nf3 d6 6. O-O Nh6 7. a3 O-O 8. Rb1
Bf5 9. d3 Qd7 10. b4 Rab8 11. Nd5 cxb4 12. axb4 b5 13. Bg5 Be6 14. e4 Ng4 15.
cxb5 Rxb5 16. Qa4 Rfb8 17. Rfc1 Kh8 18. h3 Nge5 19. Nxe5 dxe5 20. Kh2 a5 21.
bxa5 Rxb1 22. Rxc6 Bxd5 23. exd5 R1b4 24. Qa3 e4 25. Bxe4 Bb2 26. Qa2 Bd4 27.
Bg2 Rb2 28. Qc4 R8b4 29. Qc1 Rb8 30. Qf4 Bxf2 31. Qxf7 Bd4 32. Rb6 Qe8 33. Rxb8
Qxb8 34. Qxe7 Rxg2+ 35. Kxg2 Qb2+ 36. Kf3 Qf2+ 37. Kg4 Qf5+ 38. Kh4 h6 39. Qd8+
Kh7 40. Qc7+ Bg7 41. Qf4 hxg5+ 42. Qxg5 Bf6 0-1

[Event "Tbilisi Municipality Cup"]
[Site "?"]
[Date "2009.06.20"]
[Round "6.14"]
[White "Babunjian Levon"]
[Black "Batsiashvili Nino"]
[Result "1-0"]
[WhiteElo "2506"]
[BlackElo "2300"]
[PlyCount "91"]
[EventDate "2009.??.??"]
[SourceDate "2009.06.20"]

1. d4 f5 2. g3 Nf6 3. Bg2 g6 4. Nc3 Bg7 5. e4 fxe4 6. Nxe4 Nxe4 7. Bxe4 O-O 8.
Be3 d5 9. Bg2 c5 10. c3 Nc6 11. dxc5 d4 12. Qb3+ Kh8 13. O-O-O e5 14. Bxc6 bxc6
15. cxd4 exd4 16. Ne2 Qe7 17. Bxd4 Bxd4 18. Nxd4 Qxc5+ 19. Kb1 Rxf2 20. Qe3 Rf6
21. Rhe1 Bf5+ 22. Ka1 Rb8 23. Nxf5 Rxf5 24. Qe4 Rbf8 25. Rc1 Qd5 26. Qe3 c5 27.
Rcd1 Qf7 28. g4 Rf2 29. Qxc5 Qf6 30. Rb1 Rxh2 31. g5 Qf5 32. Qc3+ Kg8 33. Re7
Rf7 34. Re8+ Rf8 35. Qc4+ Kh8 36. Rbe1 Rf2 37. Qd4+ Kg8 38. a3 Qb5 39. R1e7
Qf1+ 40. Ka2 R2f7 41. Qd5 Qf5 42. Rxf8+ Kxf8 43. Qd8+ Kg7 44. Qd4+ Kf8 45. Re5
Qf4 46. Re4 1-0

[Event "Tbilisi Municipality Cup"]
[Site "?"]
[Date "2009.06.20"]
[Round "6.15"]
[White "Rasulov Vugar"]
[Black "Jamagidze Mikheil"]
[Result "0-1"]
[WhiteElo "2488"]
[BlackElo "2263"]
[PlyCount "90"]
[EventDate "2009.??.??"]
[SourceDate "2009.06.20"]

1. e4 e5 2. Nf3 Nf6 3. Nxe5 d6 4. Nf3 Nxe4 5. d4 d5 6. Bd3 Bd6 7. O-O O-O 8.
Re1 Bf5 9. c4 c6 10. Nc3 Nxc3 11. bxc3 Bxd3 12. Qxd3 dxc4 13. Qxc4 b5 14. Qd3
Nd7 15. Re4 Nc5 16. Qc2 Nxe4 17. Qxe4 Qf6 18. g3 Rac8 19. a4 Rfe8 20. Qd3 a6
21. Kg2 Qg6 22. Qd1 Qe4 23. Be3 Qd5 24. Kg1 h6 25. Nh4 Be7 26. Ng2 Bg5 27. Bxg5
Qxg5 28. Nf4 Qe7 29. Qb3 Qe4 30. h4 Ra8 31. Qd1 Rac8 32. Qb3 Qf3 33. axb5 cxb5
34. Rc1 Rc7 35. d5 Rc4 36. Rd1 Rxf4 37. gxf4 Re2 38. Rf1 Qg4+ 39. Kh1 Qxh4+ 40.
Kg1 Qg4+ 41. Kh1 Qxf4 42. Qd1 Re5 43. Rg1 Qh4+ 44. Kg2 Rg5+ 45. Kf1 Qh3+ 0-1

[Event "Tbilisi Municipality Cup"]
[Site "?"]
[Date "2009.06.20"]
[Round "6.16"]
[White "Zeynalov Farid"]
[Black "Kekelidze Mikheil"]
[Result "1-0"]
[WhiteElo "2299"]
[BlackElo "2468"]
[PlyCount "103"]
[EventDate "2009.??.??"]
[SourceDate "2009.06.20"]

1. c4 g6 2. g3 Bg7 3. Bg2 c5 4. Nc3 Nc6 5. Nf3 d6 6. d3 e6 7. O-O Nge7 8. Bd2
O-O 9. a3 b6 10. Rb1 Bb7 11. b4 Qd7 12. bxc5 dxc5 13. Qc1 Rac8 14. Bh6 Bxh6 15.
Qxh6 Nf5 16. Qc1 Nfd4 17. Nd2 Na5 18. Bxb7 Nxb7 19. Re1 f5 20. Nb5 Nd6 21. Nxd4
cxd4 22. Nf3 Nf7 23. Qf4 Rfd8 24. e3 dxe3 25. Rxe3 Qd6 26. Rbe1 Qxf4 27. gxf4
Rc6 28. d4 Rxc4 29. Rxe6 Rc7 30. Kg2 Rd6 31. Re8+ Kg7 32. R1e3 h6 33. h4 Rdd7
34. h5 g5 35. fxg5 hxg5 36. R3e6 g4 37. Nh4 Nh6 38. Rg6+ Kh7 39. Ree6 Ng8 40.
Nxf5 Rd5 41. Ne3 Rxh5 42. d5 Nh6 43. Rgf6 Rd7 44. d6 Kg7 45. Rxh6 Rxh6 46. Nf5+
Kf7 47. Rxh6 Rd8 48. Kg3 Rc8 49. d7 Rc3+ 50. Kxg4 Rd3 51. Nd6+ Ke7 52. Rh7+ 1-0

[Event "Tbilisi Municipality Cup"]
[Site "?"]
[Date "2009.06.20"]
[Round "6.17"]
[White "Bagaturov Giorgi"]
[Black "Gassanov Assif"]
[Result "1/2-1/2"]
[WhiteElo "2467"]
[BlackElo "2281"]
[PlyCount "119"]
[EventDate "2009.??.??"]
[SourceDate "2009.06.20"]

1. d4 Nf6 2. c4 c5 3. d5 e5 4. Nc3 d6 5. e4 g6 6. Nf3 Bg7 7. g3 O-O 8. Bg2 Na6
9. O-O Nc7 10. Ne1 b5 11. cxb5 Rb8 12. a4 a6 13. bxa6 Bxa6 14. Nd3 Nd7 15. Rb1
c4 16. Ne1 Nc5 17. Be3 Nb3 18. f4 exf4 19. gxf4 f5 20. e5 dxe5 21. d6 e4 22.
dxc7 Qxc7 23. Qd5+ Kh8 24. Nb5 Bxb5 25. axb5 Rfd8 26. Qc6 Qxc6 27. bxc6 Rbc8
28. Rf2 Rxc6 29. Bf1 c3 30. Rc2 Nd4 31. Rxc3 Rcd6 32. Rc4 Nb3 33. Rb4 Nd2 34.
Rc1 h6 35. Rc7 R6d7 36. Rb8 Rxb8 37. Rxd7 Nxf1 38. Kxf1 Bxb2 39. Nc2 Bf6 40.
Bd4 Bxd4 41. Nxd4 Rb2 42. Ne2 g5 43. h3 Kg8 44. fxg5 hxg5 45. Rd5 Rb3 46. Kg2
Rb2 47. Kf2 g4 48. hxg4 fxg4 49. Rg5+ Kf7 50. Rxg4 Rb4 51. Ke3 Kf6 52. Nd4 Rb1
53. Kxe4 Re1+ 54. Kd5 Rf1 55. Rg8 Kf7 56. Rb8 Re1 57. Rb2 Rf1 58. Ke5 Re1+ 59.
Kf5 Rf1+ 60. Kg5 1/2-1/2

[Event "Tbilisi Municipality Cup"]
[Site "?"]
[Date "2009.06.20"]
[Round "6.18"]
[White "Qashashvili Alexandre"]
[Black "Nigalidze Gaioz"]
[Result "0-1"]
[WhiteElo "2271"]
[BlackElo "2466"]
[PlyCount "128"]
[EventDate "2009.??.??"]
[SourceDate "2009.06.20"]

1. e4 c5 2. Nf3 d6 3. d4 cxd4 4. Nxd4 Nf6 5. Nc3 a6 6. Bc4 e6 7. O-O Be7 8. Bb3
b5 9. f4 O-O 10. a3 Bb7 11. f5 e5 12. Nde2 Nbd7 13. Ng3 Rc8 14. Be3 Rxc3 15.
bxc3 Qc7 16. Qd3 Nc5 17. Bxc5 dxc5 18. Bd5 c4 19. Qf3 Nxd5 20. exd5 Qc5+ 21.
Kh1 Qxd5 22. Qxd5 Bxd5 23. a4 b4 24. cxb4 Bxb4 25. f6 g6 26. Rad1 Be6 27. h3 h6
28. Rf3 Kh7 29. Re3 Re8 30. c3 Ba5 31. Rd6 Rb8 32. Rxa6 Rb1+ 33. Kh2 Bb6 34.
Rxb6 Rxb6 35. Rxe5 g5 36. Rb5 Ra6 37. a5 Kg6 38. Ne4 Bd7 39. Rc5 Bf5 40. Nd2
Bd3 41. Rb5 Re6 42. Nf3 Re2 43. a6 Ra2 44. Rb6 Be4 45. Kg3 Rc2 46. Rb4 Ra2 47.
Rxc4 Bxf3 48. Kxf3 Rxa6 49. Re4 Rxf6+ 50. Ke3 Rf1 51. c4 Rg1 52. Kf3 Rc1 53.
Ke2 Rc2+ 54. Kf3 h5 55. Rd4 f6 56. h4 g4+ 57. Kg3 Kf5 58. Rd5+ Ke4 59. Rxh5 f5
60. Rh8 Rc3+ 61. Kh2 Ke3 62. Re8+ Kf2 63. g3 f4 64. Rf8 Rf3 0-1

[Event "Tbilisi Municipality Cup"]
[Site "?"]
[Date "2009.06.20"]
[Round "6.19"]
[White "Supatashvili Khvicha"]
[Black "Beradze Irakli"]
[Result "1-0"]
[WhiteElo "2464"]
[BlackElo "2171"]
[PlyCount "137"]
[EventDate "2009.??.??"]
[SourceDate "2009.06.20"]

1. d4 d5 2. c4 e6 3. Nc3 c6 4. e3 Nf6 5. Nf3 Nbd7 6. Bd3 dxc4 7. Bxc4 b5 8. Bd3
b4 9. Ne4 Be7 10. Nxf6+ Nxf6 11. O-O Bb7 12. Qe2 O-O 13. e4 c5 14. dxc5 Nd7 15.
c6 Bxc6 16. Rd1 Qb6 17. Be3 Bc5 18. Rac1 Bxe3 19. Qxe3 Bb7 20. Qxb6 axb6 21.
Bb1 Nc5 22. Rc4 Rfd8 23. Re1 Na6 24. b3 Rac8 25. Rxc8 Bxc8 26. Ne5 Bb7 27. f3
Nc7 28. Nd3 Rd4 29. Kf2 Nb5 30. Ke3 f6 31. Nf4 e5 32. Ne2 Rd8 33. Bd3 Nd6 34.
Rc1 Rc8 35. Rxc8+ Bxc8 36. Nc1 Kf7 37. Be2 f5 38. Nd3 Ke6 39. Nxb4 f4+ 40. Kd2
Bb7 41. a4 g5 42. h3 h5 43. Nd3 g4 44. hxg4 hxg4 45. Nf2 g3 46. Nd1 Nxe4+ 47.
fxe4 Bxe4 48. Bf1 Bb7 49. b4 e4 50. a5 bxa5 51. bxa5 Ke5 52. a6 Bc6 53. Ne3 Kd4
54. Nf5+ Ke5 55. Ne7 Ba8 56. Nc8 Kd4 57. Nb6 Bc6 58. a7 f3 59. a8=Q Bxa8 60.
Nxa8 e3+ 61. Ke1 Ke4 62. Nc7 e2 63. gxf3+ Kxf3 64. Bxe2+ Kg2 65. Ne6 Kh2 66.
Ng5 g2 67. Nf3+ Kg3 68. Ng1 Kf4 69. Kf2 1-0

[Event "Tbilisi Municipality Cup"]
[Site "?"]
[Date "2009.06.20"]
[Round "6.20"]
[White "Azaladze Shota"]
[Black "Patsia Zviad"]
[Result "1-0"]
[WhiteElo "2434"]
[BlackElo "2145"]
[PlyCount "125"]
[EventDate "2009.??.??"]
[SourceDate "2009.06.20"]

1. Nf3 c5 2. g3 Nc6 3. Bg2 e5 4. O-O g6 5. c4 Bg7 6. Nc3 Nge7 7. d3 O-O 8. Ne1
a6 9. Nc2 Rb8 10. Ne3 b5 11. Ned5 Nxd5 12. Nxd5 Ne7 13. Bg5 f6 14. Be3 d6 15.
cxb5 Rxb5 16. b3 Be6 17. Nc3 Rb8 18. Rc1 Qd7 19. Qd2 Nf5 20. Bd5 Bxd5 21. Nxd5
Qe6 22. Nc3 Rb4 23. Na4 Nxe3 24. Qxe3 f5 25. Qd2 f4 26. Rc4 a5 27. Qc2 Rb7 28.
Kg2 g5 29. f3 g4 30. fxg4 Qxg4 31. Rf3 Rbf7 32. Nc3 Qg6 33. Re4 Qe6 34. Ra4 h5
35. Ne4 Bh6 36. Qc4 d5 37. Nxc5 Qc6 38. Qa6 Qxa6 39. Nxa6 Rc8 40. Rxa5 e4 41.
dxe4 dxe4 42. Rf1 f3+ 43. exf3 exf3+ 44. Kh3 Rc1 45. Rxc1 Bxc1 46. Rc5 Bd2 47.
Rc8+ Kg7 48. Rc7 Rxc7 49. Nxc7 Kf6 50. Ne8+ Ke5 51. Ng7 h4 52. Nh5 Ke4 53. Nf6+
Kd3 54. Ng4 hxg3 55. Kxg3 Ke2 56. h4 Be1+ 57. Kh3 f2 58. Nxf2 Bxf2 59. Kg4 Ke3
60. h5 Ke4 61. h6 Kd5 62. h7 Bd4 63. Kf5 1-0

[Event "Tbilisi Municipality Cup"]
[Site "?"]
[Date "2009.06.20"]
[Round "6.21"]
[White "Khurtsilava Inga"]
[Black "Chighladze Iveri"]
[Result "1/2-1/2"]
[WhiteElo "2270"]
[BlackElo "2418"]
[PlyCount "128"]
[EventDate "2009.??.??"]
[SourceDate "2009.06.20"]

1. d4 Nf6 2. Nf3 g6 3. c4 Bg7 4. Nc3 d5 5. Qb3 dxc4 6. Qxc4 O-O 7. Bf4 Na6 8.
e4 c5 9. d5 e6 10. d6 e5 11. Bxe5 Nb4 12. Qb3 Be6 13. Qd1 Re8 14. Bb5 Nc6 15.
Bxf6 Qxf6 16. O-O Bg4 17. Nd5 Qxd6 18. Nc3 Rad8 19. Qxd6 Rxd6 20. Rfe1 a6 21.
Bxc6 Rxc6 22. h3 Be6 23. e5 b5 24. Rad1 h6 25. Nd5 Kf8 26. a3 Rd8 27. Nf4 Rxd1
28. Rxd1 Ke7 29. g4 Bb3 30. Rd3 Bc4 31. Re3 a5 32. Nd2 Ba2 33. Nd3 Be6 34. f4
c4 35. Nc1 h5 36. Ne2 Rc5 37. Ne4 Rd5 38. N2c3 Rd3 39. Rxd3 cxd3 40. Nxb5 hxg4
41. hxg4 Bxg4 42. Kf2 Bf5 43. Nbc3 Bh6 44. Ke3 Ke6 45. Nc5+ Ke7 46. Nd5+ Kf8
47. Nxd3 g5 48. b4 axb4 49. axb4 Ke8 50. b5 gxf4+ 51. N3xf4 Kd7 52. Kd4 Bf8 53.
Nh5 Kc8 54. Ng3 Be6 55. Ne4 Ba3 56. Nd6+ Kd7 57. Nc4 Bf8 58. b6 Kc6 59. Na5+
Kb5 60. b7 Bc5+ 61. Ke4 Ba7 62. Nb3 Kc6 63. Nd4+ Kxb7 64. Nxe6 fxe6 1/2-1/2

[Event "Tbilisi Municipality Cup"]
[Site "?"]
[Date "2009.06.20"]
[Round "6.22"]
[White "Arabidze Meri"]
[Black "Gvetadze Sopio"]
[Result "1/2-1/2"]
[WhiteElo "2258"]
[BlackElo "2364"]
[PlyCount "84"]
[EventDate "2009.??.??"]
[SourceDate "2009.06.20"]

1. d4 b5 2. e4 Bb7 3. Bd3 e6 4. Nf3 c5 5. c3 Qb6 6. O-O d6 7. Qe2 a6 8. a4 c4
9. Bc2 Nf6 10. Nbd2 Nbd7 11. axb5 axb5 12. Rxa8+ Bxa8 13. e5 dxe5 14. Nxe5 Nxe5
15. dxe5 Nd7 16. Kh1 Be7 17. f4 g6 18. b3 cxb3 19. Nxb3 O-O 20. Be3 Qc7 21. Nd4
Qxc3 22. Nxb5 Qa5 23. Nd6 Bd5 24. Rd1 f5 25. Bd3 Nb6 26. Nc4 Nxc4 27. Bxc4 Rd8
28. Bxd5 Rxd5 29. h3 Kf7 30. Rxd5 Qxd5 31. Qd2 Qe4 32. Qd4 Qxd4 33. Bxd4 Ke8
34. Kg1 Kd7 35. Kf2 Kc6 36. Kf3 Kd5 37. Bb6 Kc4 38. Bc7 Kd3 39. Bb6 Bb4 40. Bd8
Bc5 41. Bf6 Be3 42. Be7 Bc1 1/2-1/2

[Event "Tbilisi Municipality Cup"]
[Site "?"]
[Date "2009.06.20"]
[Round "6.23"]
[White "Charkhalashvili Inga"]
[Black "Kerashvili Giorgi"]
[Result "1-0"]
[WhiteElo "2363"]
[BlackElo "2033"]
[PlyCount "75"]
[EventDate "2009.??.??"]
[SourceDate "2009.06.20"]

1. d4 e6 2. c4 Nf6 3. Nf3 b6 4. g3 Ba6 5. b3 Bb4+ 6. Bd2 Be7 7. Bg2 c6 8. O-O
d5 9. Bc3 Nbd7 10. Nbd2 Rc8 11. Bb2 O-O 12. Re1 c5 13. Rc1 Bb7 14. cxd5 exd5
15. Ne5 Re8 16. e3 Bd6 17. Ndc4 Bb8 18. Nxd7 Nxd7 19. dxc5 Nxc5 20. Qg4 f6 21.
Red1 Ne4 22. Na3 Rxc1 23. Rxc1 Qe7 24. Nc2 Bd6 25. Rd1 Bc5 26. Qe2 Rc8 27. Nd4
Bb4 28. Nf5 Qf7 29. h4 Kh8 30. h5 Qe6 31. Qg4 Rf8 32. Bxe4 Qxe4 33. Qxe4 dxe4
34. Rd7 Rb8 35. h6 gxh6 36. Bxf6+ Kg8 37. Be5 Re8 38. Bg7 1-0

[Event "Tbilisi Municipality Cup"]
[Site "?"]
[Date "2009.06.20"]
[Round "6.24"]
[White "Gelazonia Parmen"]
[Black "Gugulashvili Tamaz"]
[Result "1/2-1/2"]
[WhiteElo "2328"]
[BlackElo "2087"]
[PlyCount "104"]
[EventDate "2009.??.??"]
[SourceDate "2009.06.20"]

1. e4 e6 2. d4 d5 3. Nd2 dxe4 4. Nxe4 Nd7 5. g3 Ngf6 6. Nxf6+ Nxf6 7. Bg2 Bd6
8. Nf3 O-O 9. O-O Qe7 10. Qe2 Rd8 11. Rd1 Bd7 12. Ne5 Rab8 13. c4 c6 14. Bf4
Be8 15. h4 Nd7 16. a3 f6 17. c5 Bxe5 18. dxe5 Nxe5 19. Bxe5 fxe5 20. Qxe5 Qf6
21. Re1 Qxe5 22. Rxe5 Bf7 23. Bh3 Rd5 24. Rae1 Rxe5 25. Rxe5 Kf8 26. Re3 Ke7
27. f4 Rd8 28. Kf2 Rd5 29. b4 h5 30. Ke2 Kf6 31. Bg2 Rd4 32. Rd3 Rxd3 33. Kxd3
a6 34. Kd4 Bg6 35. Bf3 Be8 36. Be4 Bf7 37. a4 Be8 38. b5 axb5 39. axb5 Bd7 40.
Bf3 Be8 41. Be4 Bd7 42. Kc3 e5 43. Kb4 exf4 44. gxf4 cxb5 45. Ka5 Bc6 46. Bd3
Ke6 47. Bg6 Kd5 48. Kb4 Ke6 49. Ka5 Kd5 50. Kb4 Kd4 51. f5 Ke5 52. Ka5 Kd4
1/2-1/2